000
00296nam a2200133Ia 4500
008
231129s1970||||xx |||||||||||||| ||spa||
040
_b
spa
082
_a
621.8 S398n
100
_a
Schwamb Peter
245
0
_a
Nociones de mecanismos
260
_c
1970
264
_a
Aguilar
942
_2
ddc
_c
BKS
999
_c
21749
_d
21749